Villes par image n°2 - Statistiques

Statistiques générales
  • Ce quiz a été pris 6 825 fois
  • Le résultat moyen est 7 sur 15
Statistiques - réponses
Par images Hint Réponse % Correct
Venise
98%
Pékin
90%
Berlin
87%
(Asie) Singapour
62%
Florence
60%
Jérusalem
53%
(Asie) Hong Kong
52%
(Afrique) Le Cap
47%
(Asie) Pyongyang
29%
(Afrique) Louxor
28%
(Asie) Doha
24%
(Amérique) Brasilia
20%
(Amérique) Mexico
19%
(Amérique) Santiago
15%
Auckland
7%
Aucun quiz correspondant
Distribution des résultats
% des personnes avec chaque résultat
Percentile par nombre de réponses
Votre historique - résultats
Vous n’avez pas pris ce quiz